00410nam a2200169Ia 4500003000500000008004100005020001800046040001900064082000700083100002100090245004400111260003500155300001000190365000800200546001200208700002000220STCL230729s9999 xx 000 0 und d a9788131703069 aSTCLcSTCLbEN 222 aCharniak, Eugene 0aIntroduction to artificial intelligence bPearson EducationaNoidac2006 a701 p b475 aEnglish aMcDermott, Drew